Occupational Hazards Safety and Environmental Studies/ (Record no. 173337)

MARC details
000 -LEADER
fixed length control field 00654nam a22001937a 4500
005 - DATE AND TIME OF LATEST TRANSACTION
control field 20200221160240.0
010 ## - LCCN (DPL NO)
LC control number ENG-127980
020 ## - INTERNATIONAL STANDARD BOOK NUMBER
International Standard Book Number 9789387593817
Terms of availability 250.00
035 ## - SYSTEM CONTROL NUMBER
System control number EN-111512
037 ## - SOURCE OF ACQUISITION
Source of stock number/acquisition DBAD/PUB
082 ## - DEWEY DECIMAL CLASSIFICATION NUMBER
Classification number 363.11
100 ## - MAIN ENTRY--PERSONAL NAME
Personal name Sarma,A M
245 ## - TITLE STATEMENT
Title Occupational Hazards Safety and Environmental Studies/
Statement of responsibility, etc A M Sarma
260 ## - PUBLICATION, DISTRIBUTION, ETC. (IMPRINT)
Place of publication, distribution, etc Hyderabad
Name of publisher, distributor, etc Pharmamed Press
Date of publication, distribution, etc 2018
270 ## - ADDRESS
Address 4-4-309/316,Giriraj Lane, Sultan Bazar,
City Hyderabad
Postal code 500095
Telephone number 040-23445688,23445600
Fax number 91+4023445611
Electronic mail address info@pharmamedpress.com
300 ## - PHYSICAL DESCRIPTION
Extent xii;153p
Dimensions 24cm (pbk)
500 ## - GENERAL NOTE
General note Includes Bibliography
942 ## - ADDED ENTRY ELEMENTS (KOHA)
Source of classification or shelving scheme Dewey Decimal Classification
Item type English Books
Classification part 363.11
Call number suffix SAR
Holdings
Withdrawn status Lost status Not for loan Collection code Home library Current library Date acquired Source of acquisition Cost, normal purchase price Full call number Barcode Copy number Cost, replacement price Koha item type
      Non-fiction Central Library Central Library 21/02/2020 DBAD/PUB 250.00 363.11 SAR EN-111512 1 250.00 English Books

© Delhi Public Library
Hit Counter
free hit counter